Statistics for きららアニメの名言からアニメ名を当てるクイズ

Click here to take the quiz!

General Stats

  • This quiz has been taken 41 times
  • The average score is 11 of 15

Answer Stats

名言アニメ% Correct
あ、あ、あの…と、ところてん買ってください……年代物で、のどごし…なめらか…ぼっち・ざ・ろっく
94%
イキってすみませんぼっち・ざ・ろっく
94%
ベースって弦が4本のやつでしょ? ほ~らちゃんと6本あるでしょ?ぼっち・ざ・ろっく
94%
これでわたしは所持金が底を尽いたので、草を食べて生きていきますぼっち・ざ・ろっく
94%
生まれてしまう! 承認欲求モンスター!!!ぼっち・ざ・ろっく
94%
物販で500円で売ろうぼっち・ざ・ろっく
94%
ア゜─_─"─---─゜─__─"──---゜──ぼっち・ざ・ろっく
94%
ァッ…ハァ…アノ…ハノ…ックッ…さっき…ハァッ…カッ 店長さん…カッ…ハァッ…ハァッ……ぼっち・ざ・ろっく
94%
まず、人がいなくて ジメ~っとしていて ナメクジが隠れそうなところを探すんです こういう、石の裏とかに貼りついているのですわぼっち・ざ・ろっく
94%
死んだかと思って最近は毎日お線香あげてたぼっち・ざ・ろっく
94%
今日も一日がんばるぞいNEW GAME!
79%
名付けて…妹汁!スロウスタート
35%
ぱくんってこい!ぱくっ!ぱくっ!スローループ
24%
すごいよね!人を応援するための…人の力になるためのスポーツがあるなんて!アニマエール
24%
限界を超えて覚醒した!ご注文はうさぎですか?
21%

Score Distribution

Percentile by Number Answered

Percent of People with Each Score

Your Score History

You have not taken this quiz